Sanat - "Piste" - Stella - Statistics

Yleistilastot
  • Tätä visaa on pelattu 239 kertaa
  • Keskiarvotulos 108 / 154
Vastaustilastot
Sanat % Oikein
Ja
92%
ja
92%
jo
89%
nyt
86%
se
86%
on
84%
Kun
83%
Anna
82%
anna
82%
ei
82%
Ei
82%
jos
82%
Jos
82%
kai
82%
olla.
82%
olla
82%
olla,
82%
pisteen
82%
kaikki
81%
Kaikki
81%
mun
81%
sammuvaan
81%
teen.
81%
unohtaa.
81%
unohtaa,
81%
hiileen,
80%
tähän
80%
vain
80%
puhalletaan
79%
tulta
79%
siksi
77%
Kyllä
76%
meitä
76%
nähty,
76%
nähty
76%
sinä
73%
kuinka
72%
savullansa
72%
tukehduttaa.
72%
En
70%
miten
68%
muistat,
68%
tiedät,
68%
tämä
67%
katse
66%
lehdet
66%
luovuttaa.
66%
muistellaan,
66%
ne
66%
putoilee.
66%
Eikä
64%
ikuisuuteen.
64%
kiinni
64%
nämä
63%
ennenkin.
62%
katsoa
62%
silmiin,
62%
jäädään
61%
minä
61%
ollenkaan,
61%
seinät
61%
viiltelee.
61%
voidaan
60%
hyvin
59%
jutellaan,
59%
tule
59%
saa
56%
vähäkin
55%
muistan,
54%
tuhotaan,
54%
eletä
52%
tiedän,
52%
ihosi
50%
rohkeempaa
50%
tuoksuu.
50%
meidät
46%
tulevatkin
46%
vuodet
46%
koskettaa,
45%
kuiviin.
45%
Mut
45%
imee
44%
aika
43%
rikkoutuu.
43%
tästä
42%
näin
41%
valmiimpaa,
41%
irroittaa,
40%
käsiimme
40%
ehkä
37%
jaksaisi
35%
kietoutuu.
35%
aamut
34%
kelle
33%
kehomme
32%
Ehtoja vastaavia visoja ei löytynyt
Tulosjakauma
Jokaisen tuloksen saaneiden osuus
Persentiili vastausten määrän mukaan
Tuloshistoriasi
Et ole pelannut tätä visaa